01018nam a22002775a 450000500170000000800410001702000180005804000380007608200190011410000220013324501110015525000120026626000630027830000350034150000250037650400310040159000180043265000300045065100100048065300240049070000210051470000390053594200080057499900170058295201410059920161120102517.0161101t2016 flua frb 001 0 eng d a9781482229394 aEG-ScBUEbengcEG-ScBUEdEG-ScBUE04a006.6bMAR2221 aMarschner, Steve.10aFundamentals of computer graphics /bSteve Marschner, Peter Shirley ; with Michael Ashikhmin ... [et al.]. a4th ed. aBoca Raton :bCRC Press / Taylor & Francis Group,cc.2016. axiii, 734 p. :bill. ;c25 cm. aIndex : p. 723-734.  aBibliography : p. 701-721. aSuzan Ashmawy 7aComputer graphics.2BUEsh 2BUEsh bCOMSCIcOctober20161 aShirley, Peter. 1 aAshikhmin, Michael, econtributor. 2ddc c22963d22935 00102ddc40708BaccahaMAINbMAINcLOWd2016-11-01ePurchaseg825.00h25137l0o006.6 MARp000045111r2025-07-15 00:00:00v1031.25yBB